header

The European Parliament and Supranational Party System (Record no. 329)

MARC details
000 -LEADER
fixed length control field 01416nam a22003494a 4500
082 04 - DEWEY DECIMAL CLASSIFICATION NUMBER
Classification number 341.24/24
100 1# - MAIN ENTRY--AUTHOR NAME
Personal name Kreppel, Amie,
245 14 - TITLE STATEMENT
Title The European Parliament and Supranational Party System
260 ## - PUBLICATION, DISTRIBUTION, ETC. (IMPRINT)
Place of publication Cambridge ;
-- New York :
Name of publisher Cambridge University Press,
Year of publication 2002.
300 ## - PHYSICAL DESCRIPTION
Number of Pages xv, 263 p. :
Other physical details ill.
490 1# - SERIES STATEMENT
Series statement Cambridge studies in comparative politics
650 #0 - SUBJECT ADDED ENTRY--TOPICAL TERM
Topical Term Political parties
Topical Term Coalitions.
856 40 - ELECTRONIC LOCATION AND ACCESS
Uniform Resource Identifier http://site.ebrary.com/lib/rucke/Doc?id=10006799

No items available.

© 2026 Rongo University
Contact us: librarian | system librarian | Rongo university